000 00566nam a22002057a 4500
003 OSt
005 20210423063420.0
008 210218s1979 ||||| |||| 00| 0 eng d
020 _a0425044440
040 _aeng
_beng
_cDLC
041 _aeng
080 _a821.111
_bC-87
100 _9959
_aCrawford, Christina
245 _aMommie Dearest
_c/ by: A Berkley Book
260 _aBerkley
_bA Berkley Book
_c1979
300 _a312 p.
_bill.
650 0 _9247
_aEnglish literature
653 _aინგლისური ლიტერატურა
942 _2udc
_cBK
999 _c1530
_d1530